Development, reform, and malnutrition in Chile
Salvato in:
| Autori principali: | , |
|---|---|
| Natura: | Libro |
| Lingua: | inglese |
| Pubblicazione: |
Cambridge
MIT
1978
|
| Serie: | International Nutrition Policy Series, 4
|
| Soggetti: | |
| Tags: |
Aggiungi Tag
Nessun Tag, puoi essere il primo ad aggiungerne!!
|
MARC
| LEADER | 00000nam a2200000 a 4500 | ||
|---|---|---|---|
| 001 | UCV4943 | ||
| 003 | CL-VaPUC | ||
| 008 | 910704e19780000US |||||||||||||||||eng|d | ||
| 082 | 0 | 4 | |a 641.1 |b HAK |2 21 |
| 100 | 0 | |a Hakim, Peter |e author |9 299148 | |
| 700 | 0 | |a Solimano Cantuarias, Giorgio |e author |9 299149 | |
| 245 | 1 | 0 | |a Development, reform, and malnutrition in Chile |
| 300 | |a 91 p | ||
| 942 | |c BK | ||
| 945 | |d 19910704 00:00:00 | ||
| 260 | |a Cambridge |b MIT |c 1978 | ||
| 650 | 7 | |a POLITICA NUTRICIONAL |2 CL-VaPUC |9 259600 | |
| 650 | 7 | |a CONSUMO DE LECHE |2 CL-VaPUC |9 261352 | |
| 650 | 7 | |a DESNUTRICION |2 CL-VaPUC |9 261353 | |
| 651 | 7 | |a CHILE |2 CL-VaPUC |9 299150 | |
| 583 | |a last modification |c 19910704 00:00:00 |k Rodrigo Vera | ||
| 490 | 0 | |a International Nutrition Policy Series, 4 | |
| 999 | |c 211567 |d 211565 | ||
| 952 | |0 0 |1 0 |4 0 |6 641_100000000000000_HAK_1978 |7 0 |8 A |9 191214 |a BIBALI |b BIBALI |c GEN |d 2019-11-14 |i 2588358 |o 641.1 HAK 1978 |p 2588358 |r 2025-01-20 |w 2019-11-14 |y BK |k ALI | ||